000 01786cas a2200445 4500
001 11238395
005 20061223084207.0
008 800603c19799999ii fr p o 0 a0eng d
010 _a 80643067
016 _a100970693
_2DNLM
022 _a0257-6430
_y0973-080X
_2z
037 _bSage Publications Inc., 2455 Teller Road, Thousand Oaks, CA 91320
040 _aMiEM
_cMiEM
_dDLC
_dNST
_dAIP
_dOCoLC
_dMH
_dNST
_dICRL
_dOUCA
_dWaU
_dMH
_dDNLM
_dOCoLC
042 _alc
043 _aa-ii---
050 _aDS401
_b.S834
082 _a954.005
210 _aStud. hist.
_b(Sahibabad)
222 _aStudies in history
_b(Sahibabad)
245 _aStudies in history.
260 _aNew Delhi,
_bSage Publications
300 _av.
_c24 cm.
310 _aSemiannual
362 _av. 1-v. 4, no. 1; Jan./June 1979-Jan./June 1982; New ser. v. 1- Jan./June 1985-
515 _aSuspended July 1982-1984.
550 _a"Journal of the Centre for Historical Studies, Jawaharlal Nehru University."
590 _aSERBIB/SERLOC merged record
651 _aIndia
_xHistory
_vPeriodicals.
_925967
710 _aJawaharlal Nehru University.
_bCentre for Historical Studies.
_925968
856 _uhttp://sih.sagpub.com
906 _a7
_bcbc
_cserials
_d4
_encip
_f19
_gn-oclcserc
936 _aVol. 14, no. 2, July-Dec. 1998
942 _2ddc
_cSR
_h954.005
_mSTU
_s1
999 _c29467
_d29467